| 000 | 00607nam a2200205Ia 4500 | ||
|---|---|---|---|
| 005 | 20250923144810.0 | ||
| 008 | 008 250917s9999 xx 000 0 eng d | ||
| 037 | _aTextual | ||
| 040 |
_aDSWL _beng _cDSWL |
||
| 041 |
_aeng _2eng |
||
| 084 |
_aY1744(T4).G2 _qDSWL |
||
| 100 |
_aCormack, M.L. _9828544 |
||
| 245 | 0 |
_aShe who rides a peacock Indian students & social work _cby M.L. Cormack |
|
| 260 |
_aNew Delhi _bDelhiAsia Pub. House _c1961 |
||
| 300 | _axiii,264p. | ||
| 365 |
_aINR _b12.50 |
||
| 925 | _g12.50 | ||
| 942 |
_cTEXL _hY1744(T4).G2 |
||
| 999 |
_c1443488 _d1443488 |
||